000 005550000a22001810004500
041 0 _aSPA
082 0 4 _aG 268.65 C6921v
100 1 _aColeman, Roberto E. (Robert)
245 1 0 _aVida en la palabra de vida : Lecciones bíblicas para nuevos cristianos / Roberto E. Coleman
260 _aBuenos Aires, Argentina : Methopress
300 _a58 Pag
500 _aTítulo original : Life in the living word
001 8043
942 _cBK
999 _c38241
_d38241
336 _atexto
_btxt
_2rdacontent
337 _2rdamedia
_asin mediación
_bn
338 _2rdacarrier
_avolumen
_bnc